Teaching science creatively in the secondary schools (Record no. 63362)

000 -LEADER
fixed length control field 00554nam a22001937a 4500
003 - CONTROL NUMBER IDENTIFIER
control field NUST - PNEC
005 - DATE AND TIME OF LATEST TRANSACTION
control field 20170116180810.0
008 - FIXED-LENGTH DATA ELEMENTS--GENERAL INFORMATION
fixed length control field 150429b xxu||||| |||| 00| 0 eng d
020 ## - INTERNATIONAL STANDARD BOOK NUMBER
International Standard Book Number -
040 ## - CATALOGING SOURCE
Transcribing agency LIBRARY
082 ## - DEWEY DECIMAL CLASSIFICATION NUMBER
Classification number 507.12 WAS
100 ## - MAIN ENTRY--PERSONAL NAME
9 (RLIN) 3331
Personal name Washton, Nathan S.
245 ## - TITLE STATEMENT
Title Teaching science creatively in the secondary schools
Statement of responsibility, etc. Nathan S. Washton
250 ## - EDITION STATEMENT
Edition statement -
260 ## - PUBLICATION, DISTRIBUTION, ETC.
Place of publication, distribution, etc. London
Name of publisher, distributor, etc. W.B. Saunders Company
Date of publication, distribution, etc. c1967.
300 ## - PHYSICAL DESCRIPTION
Extent 430 p. :
650 ## - SUBJECT ADDED ENTRY--TOPICAL TERM
9 (RLIN) 3332
Topical term or geographic name entry element Science--Study and teaching (Secondary)
General subdivision General Book
942 ## - ADDED ENTRY ELEMENTS (KOHA)
Source of classification or shelving scheme
Koha item type Book
Holdings
Withdrawn status Lost status Source of classification or shelving scheme Damaged status Not for loan Permanent Location Current Location Shelving location Date acquired Source of acquisition Cost, normal purchase price Total Checkouts Full call number Barcode Date last seen Cost, replacement price Price effective from Koha item type
          Pakistan Navy Engineering College (PNEC) Pakistan Navy Engineering College (PNEC)   06/26/2009 - / Library / Reference Grant 0.00   507.12 WAS PNECLIB-003837 04/29/2015 0.00 06/26/2009 Book
© 2023 Central Library, National University of Sciences and Technology. All Rights Reserved.